[Event "Neuchatel op"]
[Site "Neuchatel"]
[Date "2003.??.??"]
[Round "?"]
[White "Gallagher, Joseph G"]
[Black "Zaragoza, Serge"]
[Result "1-0"]
[WhiteElo "2515"]
[BlackElo "2120"]
[PlyCount "65"]
[EventDate "2003.05.??"]
[EventType "swiss"]
[EventRounds "7"]
[EventCountry "SUI"]
[SourceTitle "EXT 2005"]
[Source "ChessBase"]
[SourceDate "2004.11.15"]
[SourceVersion "1"]
[SourceVersionDate "2004.11.15"]
[SourceQuality "1"]

1. e4 c5 2. Nf3 Nc6 3. Nc3 g6 4. d4 cxd4 5. Nxd4 Bg7 6. Be3 Nf6 7. Bc4 0-0 8. Bb3 Ng4 9. Qxg4 Nxd4 10. Qd1 Nxb3 11. axb3 a6 12. Bd4 d6 13. Bxg7 Kxg7 14. Qd4+ f6 15. 0-0 Be6 16. Nd5 Rc8 17. c4 Bxd5 18. exd5 Qd7 19. Rfe1 Rf7 20. Re6 Qc7 21. h4 Qc5 22. Qe4 Rc7 23. h5 Qb4 24. hxg6 hxg6 25. Qd3 b5 26. Re4 bxc4 27. bxc4 Qxb2 28. Rb1 Qa2 29. Rb8 Qa1+ 30. Kh2 f5 31. Re6 Qc1 32. Qd4+ Rf6 33. Qh4 1-0